000 00753nam a2200229 a 4500
999 _c7275
_d7275
001 7275
003 BD-JhCC
005 20200406134008.0
008 171005s2012 bg ||||| ||a| 000 0 ben d
020 _a9847009601729
035 _a(BD-JhCC) 7275
040 _aBD-JhCC
_dBD-JhCC
041 _aben
082 _a891.44
_bIQB 2012
100 _aইকবাল, মুহম্মদ জাফর
245 _aবৈজ্ঞানিক কল্পকাহিনী কেপলার টুটুবি /
_cমুহম্মদ জাফর ইকবাল
260 _aঢাকা ;
_bতাম্রলিপি,
_c2012.
300 _a143 p. :
_c22 cm
650 _aBengali Fiction
_z
942 _2ddc
_cBK
_09